"Zogoibi."

Bibliographic Details
Main Author: Larreta, Enrique, 1875-1961
Format: Book
Language:Spanish
Published: Buenos Aires, Mexico : Espasa-Calpe argentina, s.a., [1939]
Series:Colección Austral (1987)

MARC

Tag First Indicator Second Indicator Subfields
LEADER 00000cam a2200000 4500
001 in00000022365
005 20151007063949.0
008 800703s1939 ag 00001 spa
010 |a  40013701  
035 |a (OCoLC)06484623 
035 |9 AAD8717AM 
040 |a DLC  |c TXA  |d UtOrBLW 
049 |a TXAM  |c [227413] 
050 0 |a PQ7797.L28  |b Z4 1939 
082 0 |a 863.6 
092 |a 863  |b L333z, 1939 
100 1 |a Larreta, Enrique,  |d 1875-1961. 
245 1 0 |a "Zogoibi." 
264 1 |a Buenos Aires,  |a Mexico :  |b Espasa-Calpe argentina, s.a.,  |c [1939] 
300 |a 2 pages ., [7]-215 pages ;  |c 19 cm. 
336 |a text  |b txt  |2 rdacontent 
337 |a unmediated  |b n  |2 rdamedia 
338 |a volume  |b nc  |2 rdacarrier 
490 1 |a Coleccion austral 
500 |a At head of title: Enrique Larreta. 
830 0 |a Colección Austral (1987) 
999 |a MARS 
999 f f |s 79a42e11-bee3-30fe-ab07-3991c984642c  |i 51b4e3ee-ed81-38e8-8347-e30f07872462  |t 0 
952 f f |p ric  |a Texas A&M University  |b Rellis Campus  |c Joint Library Facility  |d Remote Storage  |t 0  |e PQ7797.L28 Z4 1939  |h Library of Congress classification  |i unmediated -- volume  |m A14801384624 
998 f f |a PQ7797.L28 Z4 1939  |t 0  |l Remote Storage